01064nam a22001097a 4500008004100000100004000041245009100081260003300172300003400205520068200239773003300921260624b ||||| |||| 00| 0 eng d aNarayan, Kishan and Pradeep, Anagha aThe Frozen constituency: Delayed delimitation and denied representation of SCs and STs aEconomic & Political Weekly  a 61(23), Jun 6, 2026: p.42-47 aThe Indian Constitution’s promise of proportional political representation for Scheduled Castes and Scheduled Tribes has been systematically undermined by the delimitation freeze imposed in 1976. Our analysis, drawing on census data, population projections, and counterfactual modelling, quantifies a staggering representation deficit. A mere unfreezing of the process is insufficient. A legitimate redressal requires a two-pronged approach: implementing a one-time corrective to bridge the historical SC/ST representation gap and reformulating Parliament to address federal concerns. – Reproduced https://www.epw.in/journal/2026/23/perspectives/frozen-constituency.html  aEconomic & Political Weekly